000
00224 a2200097 4500
001
119844
040
_c
Escola Canadense de Niteroi
245
1
0
_a
Little Einsteins: shape up
650
4
_a
Kindergarten's Literature
942
_c
BK
999
_c
119844
_d
119844